Výsoký stupeň aktivity a uvedomenia Tempo diktuje pokrok

Bibliographic Details
Main Author: Mitošinka, Michal (Author)
Format: Article
Language:Slovak
Subjects:

MARC

LEADER 00000nab a2200000 a 4500
001 vtls000089978
003 SK-MaSNL
005 20260305042342.0
008 111103c1981 xo 0 slo
015 |a SNBRB19rr/mm-uuuuu 
035 |a CL0100081 
040 |a SNKBUCL  |b slo  |c SNKBUCL  |e AACR2 
041 0 |a slo 
044 |a xo  |c SK 
080 |a 329.15(437.6)  |2 1981 
100 1 |a Mitošinka, Michal  |4 aut  |9 1623629 
245 1 0 |a Výsoký stupeň aktivity a uvedomenia  |b Tempo diktuje pokrok  |c Michal Mitošinka 
650 0 7 |a KSS KV  |2 snkbucl  |9 1003290 
651 7 |a 5301  |2 snkbucl  |9 893756 
651 7 |a Stredoslovenský kraj (Slovensko)  |2 snkbucl  |9 161135 
655 7 |a články z novín a časopisov  |2 snkbucl  |9 267496 
773 0 |t Nové slovo  |g Roč. 23, č. 10 (1981), s. 5 
850 |a Slovenská národná knižnica v Martine  |a MTA001 
852 |a SNK  |b KIS3GCP 
958 |a RK 
992 |a RBX 
999 |c 3348601  |d 3350531